Countries by Capitals Quiz Stats

 Plays Quiz not verified by Sporcle

Challenge
Share
Tweet
Embed
Score 0/196 Timer 15:00
0 Plays Today
Capital Country % Correct
CairoEgypt
94.5%
Mexico CityMexico
93.1%
New DelhiIndia
91.6%
JerusalemIsrael
91.3%
AlgiersAlgeria
90.5%
SeoulSouth Korea
88.3%
AthensGreece
88.3%
LimaPeru
87.8%
BeijingChina
87.6%
ParisFrance
87.1%
TokyoJapan
87%
DublinIreland
86.9%
Washington, D.C.United Sates of America
86.6%
LuxembourgLuxembourg
85.7%
Buenos AiresArgentina
85.5%
SingaporeSingapore
85.2%
OttawaCanada
85.2%
BrusselsBelgium
84.9%
BaghdadIraq
84.3%
LondonUnited Kingdom
83.9%
CopenhagenDenmark
83.8%
KuwaitKuwait
83.6%
DjiboutiDjibouti
83.2%
OsloNorway
82.9%
Vatican CityVatican City
82.7%
Pretoria, Cape TownSouth Africa
82.5%
BerlinGermany
82.2%
Guatemala CityGuatemala
81.5%
Panama CityPanama
81.5%
LisbonPortugal
81%
ReykjavíkIceland
80.4%
HanoiVietnam
80%
ViennaAustria
80%
BudapestHungary
79.9%
AmsterdamNetherlands
79.9%
WarsawPoland
79.7%
BangkokThailand
78.6%
TaipeiTaiwan
78%
IslamabadPakistan
77.6%
PragueCzech Republic
77.2%
RomeItaly
76.9%
HelsinkiFinland
75.9%
BogotáColombia
75.4%
KābulAfghanistan
75%
TehranIran
75%
BucharestRomania
74.4%
BrasiliaBrazil
74.3%
HavanaCuba
74.1%
MoscowRussia
73%
CaracasVenezuela
72.7%
SantiagoChile
72.6%
WellingtonNew Zealand
71.7%
KingstonJamaica
71.7%
MadridSpain
71.7%
Monaco-villeMonaco
71.6%
DamascusSyria
70.8%
San MarinoSan Marino
69.9%
San SalvadorEl Salvador
69.9%
ZagrebCroatia
69.8%
StockholmSweden
69.7%
PyongyangNorth Korea
69.5%
BernSwitzerland
69.4%
Addis AbabaEthiopia
69%
MinskBelarus
68%
QuitoEcuador
67.8%
MontevideoUruguay
67.1%
Capital Country % Correct
BeirutLebanon
67.1%
BissauGuinea-Bissau
67%
SofiaBulgaria
66.2%
La Paz, SucreBolivia
65.9%
Abu DhabiUnited Arab Emirates
65.9%
Andorra la VellaAndorra
65.9%
NassauBahamas
65.6%
CanberraAustralia
65%
SarajevoBosnia-Herzegovina
64.9%
AnkaraTurkey
64.8%
Kuala LumpurMalaysia
64.1%
JakartaIndonesia
64.1%
BratislavaSlovakia
63.5%
RiyadhSaudi Arabia
63.4%
NairobiKenya
63.4%
KievUkraine
62%
TunisTunisia
61.8%
AsunciónParaguay
61.1%
TripoliLibya
60.3%
AmmanJordan
60.1%
ManilaPhilippines
59.9%
Santo DomingoDominican Republic
59.7%
Port-au-PrinceHaiti
59.7%
San JoséCosta Rica
58.5%
TallinnEstonia
58.2%
Ulan BatorMongolia
57.9%
São ToméSão Tomé and Príncipe
57.3%
RigaLatvia
57.2%
VilniusLithuania
55.1%
Phnom PenhCambodia
54.8%
SkopjeMacedonia
54.4%
KathmanduNepal
53.8%
MogadishuSomalia
53.7%
DakarSenegal
52.9%
TiranaAlbania
52.4%
Sri Jayewardenepura KotteSri Lanka
51%
MuscatOman
50.8%
YerevanArmenia
50.6%
BelmopanBelize
49.7%
MonroviaLiberia
49.7%
DohaQatar
49.2%
ManaguaNicaragua
48.8%
NicosiaCyprus
48.4%
AstanaKazakhstan
48%
PodgoricaMontenegro
47.7%
KhartoumSudan
47.7%
TegucigalpaHonduras
47.6%
PristinaKosovo
46.9%
BishkekKyrgyzstan
46.4%
VaduzLiechtenstein
46.2%
WindhoekNamibia
45.5%
BakuAzerbaijan
45.2%
RangoonMyanmar
44.8%
RabatMorocco
44.2%
AccraGhana
43.9%
HarareZimbabwe
43.9%
ChişinăuMoldova
43.5%
FreetownSierra Leone
43.4%
GeorgetownGuyana
43.1%
MaleMaldives
42.8%
Port of SpainTrinidad and Tobago
42.7%
T'bilisiGeorgia
42.7%
LjubljanaSlovenia
42.2%
VallettaMalta
40.4%
GaboroneBotswana
40.1%
Paramaribo Suriname
40.1%
Capital Country % Correct
BridgetownBarbados
39.9%
ManamaBahrain
39.3%
Port MoresbyPapua New Guinea
39%
KinshasaDemocratic Republic of the Congo
39%
KampalaUganda
38.6%
BujumburaBurundi
37.8%
Niamey Niger
37.6%
QuagadougouBurkina Faso
37.6%
LuandaAngola
37.6%
TashkentUzbekistan
37.3%
DhakaBangladesh
37.1%
VientianeLaos
36.6%
NuukGreenland
36.1%
BamakoMali
36.1%
VictoriaSeychelles
35.9%
St. John'sAntigua and Barbuda
35.4%
BanguiCentral African Republic
35.2%
ThimphuBhutan
35.1%
AntonanarivoMadagascar
35%
MoroniComoros
34.8%
LomeTogo
34.7%
MbabaneSwaziland
34.5%
Bandar Seri BegawanBrunei
34.5%
KigaliRwanda
34.1%
San'aYemen
34%
AsgabatTurkmenistan
33.8%
KingstownSt. Vincent and the Grenadines
33.7%
LibrevilleGabon
33.6%
DushanbeTajikistan
33.4%
BrazzavilleThe Republic of Congo
33.4%
Port LouisMauritius
32.2%
Nuku'alofaTonga
32.2%
ConakryGuinea
32.2%
CastriesSt. Lucia
32%
BeogradSerbia
31.9%
BanjulGambia
31.6%
PraiaCape Verde
31.5%
YaoundéCameroon
31.2%
DiliEast Timor
30.9%
NdjamenaChad
30.3%
LilongweMalawi
29.9%
SuvaFiji
29.7%
NouakchottMauritania
29.1%
AsmaraEritrea
29%
LusakaZambia
29%
YamoussoukroIvory Coast
28.8%
AbujaNigeria
28.5%
RoseauDominica
28.1%
Basseterre St. Kitts and Nevis
27.8%
MaputoMozambique
27.4%
MaseruLesotho
27.1%
DodomaTanzania
27.1%
Porto-NovoBenin
27%
YarenNauru
26.7%
St. George'sGrenada
26.2%
ApiaSamoa
24.1%
PalikirFederated States of Micronesia
22.4%
HoniaraSolomon Islands
22.2%
VaiakuTuvalu
20.4%
MalaboEquatorial Guinea
20.3%
MelekeokPalau
20.3%
BarikiKiribati
17.1%
Delap-Uliga-DjarritMarshall Islands
15.9%
Port VillaVanuata
14.8%

You're not logged in!

Compare scores with friends on all Sporcle quizzes.
Join for Free
OR
Log In

You Might Also Like...

Show Comments

Extras

Created Jul 21, 2010ReportFavoriteNominate

Top Quizzes Today


Score Distribution

Your Account Isn't Verified!

In order to create a playlist on Sporcle, you need to verify the email address you used during registration. Go to your Sporcle Settings to finish the process.

Report this User

Report this user for behavior that violates our Community Guidelines.

Details: